00827nam a2200205 a 450000100100000000500170001000800410002704000250006808200200009310000250011324500850013826000690022330000300029265000280032265000310035091000380038104900090041995201760042899900170060400003235220240412074256.0110714t1942 dr c 000 p spa d aDO-SdBNPbspacBNPHU aRD861.42bM516p1 aMejía, Manuel972313aEl poema de los lirios :bpoema en diez cantos y un epílogo /cManuel Mejía. aSan Pedro de Macorís, República Dominicana :b[s.n.],c1942. a84 p. :bretrs. ;c23 cm. 0aPoesía dominicana966 0aLiteratura dominicana.967 aValidado. Control de calidad EMS. aBNPD 001050718RVaPDbPDcHDd2011-07-14iLF1l0oRD861.42 M516pp32352-10r2020-06-25w2020-06-25y1zPerteneció a la biblioteca personal Julio Ortega FrierZNo se presta c31843d31843